000 00625nam a2200181Ia 4500
008 151018s9999 xx 000 0 und d
082 _bRBASDV15450
_a923
100 _aमोहिनी वर्दे
245 _aडॉ. रखमाबाई एक आत
250 _b1
260 _bपॉप्युलर प्रकाशन मुंबई
_c1982
300 _a222
600 _aमोहिनी वर्दे
630 _aडॉ. रखमाबाई एक आत
700 _aमोहिनी वर्दे
730 _aडॉ. रखमाबाई एक आत
942 _cBOOK
999 _c1016177
_d1016174